000 00567nam a2200193Ia 4500
005 20250326140518.0
008 250326s9999 xx 000 0 und d
020 _a3-540-67967-7
037 _aTextbook
040 _aFMSL
_beng
_cFMSL
041 _aeng
_2eng
084 _aX:89Q8 P1
_qFMSL
100 _aRampersad Hubert K
245 0 _aTotal Quality management : An executive guide to continuous improvement
_cRampersad Hubert K
260 _aN Y
_bN Y, Springer
_c2001
300 _ax,183
942 _cTB
_hX:89Q8 P1
999 _c1286122
_d1286122